000 00906nam a2200205Ia 4500
003 IN-BaIIA
008 211028s9999 xx 000 0 eng d
040 _cIIA Library
080 _a063:53
_bENF-24
111 _aInternational School of Physics "Enrico Fermi" Course
_cVarenna Sul Lago di Como, Villa Monastero
_d1962 June 4-16
_94452
245 0 _aSpace exploration and the solar system
_bproceedings of the international school of Physics "Enrico Fermi" course held in Varenna Sul Lago di Como, Villa Monastero
_c edited by B. Rossi
260 _aNew York
_bAcademic Press
_c1964
300 _a311p.
490 _aProceedings of the international school of Physics Enrico Fermi course v. 24
650 _aAstronomy and Astrophysics thesaurus
650 _aSolar system
650 _aSpace astronomy
_93005
700 _aRossi, B., ed.
_94453
942 _cBK
999 _c2491
_d2491